| 000 | 00398nam a22001577a 4500 | ||
|---|---|---|---|
| 003 | SGT | ||
| 020 | _a9781119438885 | ||
| 082 |
_a617.632 _bL22B |
||
| 100 | _aBerglundh, Tord | ||
| 245 | _aLindhe's Clinical Periodontology and implant Dentistry | ||
| 250 | _a7th | ||
| 260 |
_bWiley Blackwell _c2022 |
||
| 300 | _aVol. 1 : 1-522 Vol.2 : 523-1314 | ||
| 650 | _aPeriodontology | ||
| 942 |
_2ddc _cBK |
||
| 999 |
_c26864 _d26864 |
||